000 00585 a2200193 4500
005 20240301112127.0
010 _aENG-130238
020 _c750.00
_a9788180387975
035 _aEN-113770
037 _bDBAD / PUB
082 _a345.01
100 _aSapre Akshay
_962658
245 _aThe Advocates Act,1961/
_cJernail Singh Anand
_hEnglish
250 _a2012
260 _aDLF Cyber City
_bLexis Nexis
_c2012
270 _bHaryana
_e122002
_a14th floor , Building No. 10 , Tower -B
300 _a551p;
_c25(pbk)
942 _adpl
_cEN
_2ddc
_h345.01
_mSap
_e2012
999 _c182869
_d182869